miasta w województwie kujawsko pomorskim - Statystyki

Ogólne statystyki
  • Ten quiz został rozwiązany 60 razy
  • Średni wynik to 26 z 56
Statystyki odpowiedzi
ludność miasta % Poprawnych
324,043 bydgoszcz
100%
193,224 toruń
100%
87,696 grudziądz
97%
66,060 inowrocław
94%
99,474 włocławek
94%
11,474 aleksandrów kujawski
77%
18,052 chełmno
71%
24,841 świecie
71%
11,261 golub dobrzyń
65%
28,090 brodnica
61%
13,691 chełmża
61%
17,002 nakło nad notecią
61%
15,379 rypin
61%
12,755 wąbrzeźno
61%
13,380 lipno
58%
10,972 mogilno
58%
13,040 żnin
55%
10,018 ciechocinek
52%
8,987 kruszwica
52%
4,983 radziejów
52%
8,663 sępólno krajeńskie
52%
14,722 solec kujawski
52%
12,969 tuchola
48%
4,513 brześć kujawski
45%
6,621 gniewkowo
42%
10,743 koronowo
42%
3,245 kowal
42%
5,156 strzelno
42%
9,348 szubin
42%
1,946 dobrzyń nad wisłą
39%
8,041 janikowo
39%
4,206 kcynia
39%
4,022 kowalewo pomorskie
35%
4,300 łabiszyn
35%
4,072 mrocza
35%
5,082 pakość
35%
1,763 radzyń chełmiński
35%
6,824 barcin
32%
2,412 izbica kujawska
32%
1,747 nieszawa
32%
5,364 nowe
32%
3,379 skępe
32%
5,598 więcbork
32%
1,413 gąsawa
29%
3,635 jabłonowo pomorskie
29%
2,312 kamień krajeński
29%
2,014 kikół
29%
3,004 łasin
29%
2,618 lubraniec
29%
4,147 piotrków kujawski
29%
1,349 górzno
26%
2,811 pruszcz
26%
1,139 bobrowniki
23%
1,676 chodecz
23%
1,292 lubień kujawski
23%
3,618 janowiec wielkopolski
19%
Nie znaleziono quizów pasujących do podanych kryteriów
Rozkład punktacji
Procent ludzi z każdym wynikiem
Percentyl według liczby udzielonych odpowiedzi
Twoja historia wyników
Nie rozwiązałeś tego quizu